| 000 | 00445nam a2200157 a 4500 | ||
|---|---|---|---|
| 005 | 20140414093843.0 | ||
| 008 | 090318s19uu xx uuu eng d | ||
| 050 |
_aCDR 420.7 _bEUR 2002 |
||
| 100 | _aEurotalk Interactive | ||
| 245 |
_aVocabulary builder American English : _bAll ages / _cEurotalk Interactive. |
||
| 260 | _bFelta. | ||
| 650 | _aEnglish as a second language. | ||
| 650 | _aInteractive CD. | ||
| 942 | _cAVM | ||
| 999 |
_c109414 _d109414 |
||